The state of health and safety in the UK construction industry with a focus on plant operators (Record no. 70867)
[ view plain ]
| 000 -LEADER | |
|---|---|
| fixed length control field | 01473cam a2200253 4500 |
| 001 - CONTROL NUMBER | |
| control field | ABS65681 |
| 008 - FIXED-LENGTH DATA ELEMENTS--GENERAL INFORMATION | |
| fixed length control field | 020801n2002 000 0 eng u |
| 035 ## - SYSTEM CONTROL NUMBER | |
| System control number | (Sirsi) u119137 |
| 100 ## - MAIN ENTRY--PERSONAL NAME | |
| Personal name | Edwards, D.J. |
| 245 #4 - TITLE STATEMENT | |
| Title | The state of health and safety in the UK construction industry with a focus on plant operators |
| 260 ## - PUBLICATION, DISTRIBUTION, ETC. | |
| Date of publication, distribution, etc. | 2002 |
| 490 ## - SERIES STATEMENT | |
| Series statement | Structural Survey |
| Volume/sequential designation | 20(2) 2002, 78-87(10) |
| 520 ## - SUMMARY, ETC. | |
| Summary, etc. | Compares and assesses Health and Safety Executive (HSE) accident statistics to demonstrate that the construction industry is arguably the UK's most hazardous industry. Focuses on the considerable contribution of off-highway plant and equipment to this accident record and in particular on operator fault as the main factor. Training programmes have been attempted but there are no mandatory training and certification requirements in respect of this category of plant and equipment. Proposes the development of a psychometric test for assessing the health and safety aptitude of construction plant operatives which would allow the selection of optimum new candidates for training. References. [Taken from journal abstract]. |
| 590 ## - LOCAL NOTE (RLIN) | |
| Local note | ABS |
| 650 ## - SUBJECT ADDED ENTRY--TOPICAL TERM | |
| Topical term or geographic name entry element | CONSTRUCTION INDUSTRY |
| 650 ## - SUBJECT ADDED ENTRY--TOPICAL TERM | |
| Topical term or geographic name entry element | ACCIDENTS |
| 650 ## - SUBJECT ADDED ENTRY--TOPICAL TERM | |
| Topical term or geographic name entry element | PSYCHOMETRIC TESTS |
| 650 ## - SUBJECT ADDED ENTRY--TOPICAL TERM | |
| Topical term or geographic name entry element | HEALTH AND SAFETY EXECUTIVE |
| 650 ## - SUBJECT ADDED ENTRY--TOPICAL TERM | |
| Topical term or geographic name entry element | HSE |
| 650 ## - SUBJECT ADDED ENTRY--TOPICAL TERM | |
| Topical term or geographic name entry element | PROVISION AND USE OF WORK EQUIPMENT REGULATIONS 1998 |
| 690 ## - LOCAL SUBJECT ADDED ENTRY--TOPICAL TERM (OCLC, RLIN) | |
| Topical term or geographic name as entry element | BUILT ENVIRONMENT-BUILDING STANDARDS |
| 700 ## - ADDED ENTRY--PERSONAL NAME | |
| Personal name | Nicholas, J. |
| 942 ## - ADDED ENTRY ELEMENTS (KOHA) | |
| Suppress in OPAC | 0 |
| Withdrawn status | Lost status | Source of classification or shelving scheme | Damaged status | Not for loan | Home library | Current library | Shelving location | Date acquired | Total Checkouts | Full call number | Barcode | Date last seen | Copy number | Price effective from | Koha item type |
|---|---|---|---|---|---|---|---|---|---|---|---|---|---|---|---|
| Dewey Decimal Classification | London | London | Journal article | 01/08/2002 | ABS65681 | 119137-1001 | 06/08/2019 | 1 | 06/08/2019 | Journal article |